Una semana municipalista en Mallorca. (Record no. 143107)

MARC details
000 -LEADER
campo de control de longitud fija 00674nam a2200169 4500
001 - NÚMERO DE CONTROL
campo de control 143107
003 - IDENTIFICADOR DE NÚMERO DE CONTROL
campo de control ES-MaACL
005 - FECHA Y HORA DE LA ÚLTIMA TRANSACCIÓN
campo de control 20230906200727.0
007 - CAMPO FIJO DE DESCRIPCIÓN FÍSICA--INFORMACIÓN GENERAL
campo de control de longitud fija t|
008 - DATOS DE LONGITUD FIJA--INFORMACIÓN GENERAL
campo de control de longitud fija 070214s1955 sp r ||||1| spa d
245 04 - MENCIÓN DEL TÍTULO
Título Una semana municipalista en Mallorca.
260 ## - PUBLICACIÓN, DISTRIBUCIÓN, ETC.
Lugar de publicación, distribución, etc. Palma de Mallorca :
Nombre del editor, distribuidor, etc. Departamento Provincial de Seminarios,
Fecha de publicación, distribución, etc. 1955.
300 ## - DESCRIPCIÓN FÍSICA
Extensión 289 p., 7 lám. ;
Dimensiones 24 cm.
500 ## - NOTA GENERAL
Nota general Precede al tít.: Colegio Oficial de Secretarios, Interventores y Depositarios de Administración Local de Baleares.
710 2# - ENTRADA AGREGADA--NOMBRE DE ENTIDAD CORPORATIVA
Nombre de entidad corporativa o nombre de jurisdicción como elemento de entrada Colegio Oficial de Secretarios, Interventores y Depositarios de Administración Local de Baleares.
9 (RLIN) 2980
852 ## - LOCALIZACIÓN
Ubicación ES-MaACL
Número de control de estantería C-12150
Sublocalización o colección R.40017
Holdings
Estatus retirado Estado de pérdida Estado de daño No para préstamo Biblioteca de origen Biblioteca actual Ubicación en estantería Fecha de adquisición Fuente de adquisición Total de préstamos Signatura topográfica completa Código de barras Visto por última vez Precio de reemplazo Tipo de ítem Koha
        Biblioteca del Ateneo de Madrid Biblioteca del Ateneo de Madrid Sala Palomar 17/01/2008     C-12150 1148894 23/02/2023 23/02/2023 Libro impreso